00771nam a2200229Ia 4500003000900000008004100009020001800050040001600068080001200084100002400096245009800120250001200218260003200230300001700262650004100279650003200320700002400352700002400376942000700400999001700407952011700424IN-BaIIA211028s9999 xx 000 0 eng d a0-07-112738-0 cIIA Library a66bMCC aMcCabe, W. L919260 0aUnit operations of chemical engineering.cWarren McCabe, Julian Smith and Peter Harriott  a5th ed. aNew YorkbMcGraw-Hillc1993 axvii, 1130p. aAstronomy and astrophysics thesaurus aChemical engineering919261 aHarriott, P.919262 aSmith, J. C.919263 cBK c11239d11239 00104070aBANbBANcGENd1995-03-13g472.40l0o66/ MCCp12154r2021-11-05v472.40w1995-03-13yBKGRs. 472.40